000 00365pab a2200145 454500
008 180718b2002 xxu||||| |||| 00| 0 eng d
100 _aJhaveri, N.J.
245 _aHolding company for public sector enterprises
260 _c2002
300 _ap.3578.
362 _a31 Aug
650 _aPublic sector
773 _aEconomic and Political Weekly
909 _a53587
999 _c53587
_d53587